01500cam a2200361 a 4500001001400000003000800014005001700022006001900039007001500058008004100073020003800114040003000152049002600182050002300208082001200231245015900243260005300402300003500455520023200490521001700722588004700739504004100786650002700827650001500854655002900869700002100898700001900919710001600938776003500954856011400989942001601103999001901119EDZ0000085247StDuBDS20161031105158.0m||||||||d||||||||cr |||||||||||120521s1996 cau fo| 000|0|eng|d a9781452233505 (ebook) :cNo price aStDuBDSbengcStDuBDSepn aAlfaisal Main Library 0aJF1351b.R425 199604a35022300aRefounding democratic public administrationh[electronic resource] :bmodern paradoxes, postmodern challenges /cedited by Gary L. Wamsley, James F. Wolf. aThousand Oaks, Calif. ;aLondon :bSAGE,cc1996. a1 online resource (xi, 404 p.)8 a'Refounding Democratic Public Administration' considers what public administration can or should do to compensate for political leaders who are unable to get consensus on goals, or direct a course which is good for the country. aSpecialized. aDescription based on print version record. aIncludes bibliographical references. 0aPublic administration. 0aDemocracy. 7aElectronic books.2local1 aWamsley, Gary L.1 aWolf, James F.2 aSage eBooks08iPrint version :z978080395977440uhttp://ezproxy.alfaisal.edu/login?url=http://sk.sagepub.com/books/refounding-democratic-public-administration 2lcccEBOOKS c481064d481064